| 000 | 00493nam a2200169Ia 4500 | ||
|---|---|---|---|
| 005 | 20250424120245.0 | ||
| 008 | 250424s9999 xx 000 0 und d | ||
| 022 | _a26365197 | ||
| 050 | _aTK 5105.88813 .I56/ | ||
| 245 | 0 | _aInnovative solutions in engineering: a journal of the Nigerian academy of engineering | |
| 260 | _aLagos, Nigeria | ||
| 260 | _bThe Nigeria Academy of Engineering | ||
| 260 | _c2018 | ||
| 300 | _ax, 122 p. :ill. ; 29 cm. | ||
| 650 | _aWeb services. | ||
| 942 | _cSR | ||
| 999 |
_c38283 _d38283 |
||